MARC details
| 000 -CABECERA |
| campo de control de longitud fija |
01344nam a2200349 a 4500 |
| 001 - NÚMERO DE CONTROL |
| campo de control |
000024766 |
| 005 - FECHA Y HORA DE LA ÚLTIMA TRANSACCIÓN |
| campo de control |
20240419194149.0 |
| 008 - DATOS DE LONGITUD FIJA--INFORMACIÓN GENERAL |
| campo de control de longitud fija |
110203s1987 ve r 000 0 spa d |
| 020 ## - NÚMERO INTERNACIONAL ESTÁNDAR DEL LIBRO |
| Número Internacional Estándar del Libro |
9806102177 |
| 040 ## - FUENTE DE LA CATALOGACIÓN |
| Centro catalogador/agencia de origen |
DO-SdBNP |
| Lengua de catalogación |
spa |
| Centro/agencia transcriptor |
BNPHU |
| 041 17 - CÓDIGO DE LENGUA |
| Código de lengua del texto/banda sonora o título independiente |
spa |
| Código de lengua original |
eng |
| Fuente del código |
Código de idioma MARC |
| 082 ## - NÚMERO DE LA CLASIFICACIÓN DECIMAL DEWEY |
| Número de clasificación |
331.01 |
| Número de documento/Ítem |
S594t |
| 049 ## - FONDOS LOCALES (OCLC) |
| Fondos de biblioteca |
BNGR |
| 100 1# - ENTRADA PRINCIPAL--NOMBRE DE PERSONA |
| Nombre de persona |
Simon, Yvés René, |
| Fechas asociadas al nombre |
1903-1961. |
| 9 (RLIN) |
50823 |
| 240 10 - TÍTULO UNIFORME |
| Título uniforme |
Work, society, and culture. |
| Lenguaje de la obra |
Español. |
| 245 10 - MENCIÓN DE TÍTULO |
| Título |
Trabajo, sociedad y cultura / |
| Mención de responsabilidad, etc. |
Yvés René Simon ; versión castellana de Gloria Brigé de Sucre y Loló Gil de Yánes ; prólogo Vukan Kuic. |
| 260 ## - PUBLICACIÓN, DISTRIBUCIÓN, ETC. |
| Lugar de publicación, distribución, etc. |
Caracas, Venezuela : |
| Nombre del editor, distribuidor, etc. |
IFEDEC, |
| Fecha de publicación, distribución, etc. |
1987. |
| 300 ## - DESCRIPCIÓN FÍSICA |
| Extensión |
167 p. ; |
| Dimensiones |
23 cm. |
| 534 ## - NOTA SOBRE LA VERSIÓN ORIGINAL |
| Encabezamiento principal del original |
Título original: |
| Mención de título del original |
Work, society, and culture |
| 504 ## - NOTA DE BIBLIOGRAFÍA, ETC. |
| Nota de bibliografía, etc. |
Incluye referencias bibliográficas |
| 500 ## - NOTA GENERAL |
| Nota general |
Incluye notas al pie de las páginas |
| 500 ## - NOTA GENERAL |
| Nota general |
Incluye datos del autor en la contracubierta |
| 650 #4 - PUNTO DE ACCESO ADICIONAL DE MATERIA--TÉRMINO DE MATERIA |
| Término de materia o nombre geográfico como elemento de entrada |
Filosofía del trabajo |
| 9 (RLIN) |
50759 |
| 650 #4 - PUNTO DE ACCESO ADICIONAL DE MATERIA--TÉRMINO DE MATERIA |
| Término de materia o nombre geográfico como elemento de entrada |
Trabajo |
| Subdivisión general |
Aspecto social |
| 9 (RLIN) |
50761 |
| 650 #0 - PUNTO DE ACCESO ADICIONAL DE MATERIA--TÉRMINO DE MATERIA |
| Término de materia o nombre geográfico como elemento de entrada |
Clase trabajadora |
| 9 (RLIN) |
14034 |
| 650 #4 - PUNTO DE ACCESO ADICIONAL DE MATERIA--TÉRMINO DE MATERIA |
| Término de materia o nombre geográfico como elemento de entrada |
Sociología del trabajo |
| 9 (RLIN) |
50760 |
| 650 #4 - PUNTO DE ACCESO ADICIONAL DE MATERIA--TÉRMINO DE MATERIA |
| Término de materia o nombre geográfico como elemento de entrada |
Economía del trabajo |
| 9 (RLIN) |
49793 |
| 700 1# - PUNTO DE ACCESO ADICIONAL--NOMBRE DE PERSONA |
| Nombre de persona |
Brigé de Sucre, Gloria |
| 9 (RLIN) |
50824 |
| 700 1# - PUNTO DE ACCESO ADICIONAL--NOMBRE DE PERSONA |
| Nombre de persona |
Gil de Yánes, Loló |
| 9 (RLIN) |
50825 |
| 700 1# - PUNTO DE ACCESO ADICIONAL--NOMBRE DE PERSONA |
| Nombre de persona |
Kuic, Vukan, |
| Término indicativo de función/relación |
pról. |
| 9 (RLIN) |
50826 |
| 710 2# - PUNTO DE ACCESO ADICIONAL--NOMBRE DE ENTIDAD CORPORATIVA |
| Nombre de entidad corporativa o nombre de jurisdicción como elemento de entrada |
Centro Internacional de Formación Arístides Calvani. |
| 9 (RLIN) |
50827 |